|
|
|
|
| LEADER |
01650nam a2200373 a 4500 |
| 001 |
3289 |
| 003 |
BD-DhAAL |
| 005 |
20190702130914.0 |
| 008 |
150813t1979 nyu x 0 0eng c |
| 999 |
|
|
|c 35226
|d 35226
|
| 010 |
|
|
|a 98644721
|
| 020 |
|
|
|a 0070526893
|
| 040 |
|
|
|a PP
|b eng
|c PP
|d DLC
|d OCoLC
|d OCLCO
|d OCLCF
|d OCLCO
|d OCoLC
|d BD-DhAAL
|
| 050 |
0 |
0 |
|a BF78
|b .B43
|
| 082 |
0 |
0 |
|a 150/.76
|2 21
|
| 245 |
0 |
0 |
|a Behavioral sciences :
|b PreTest self-assessment and review.
|
| 246 |
1 |
3 |
|a Pretest behavioral sciences
|
| 260 |
|
|
|a Wallingford, Conn. :
|a New York :
|b PreTest Service,
|b McGraw-Hill,
|c c1999
|
| 300 |
|
|
|a vi, 319p. :
|b ill. ;
|c 22 cm.
|
| 490 |
1 |
|
|a 1983- : Basic science series
|
| 500 |
|
|
|a Editor: Evan G. Pattishall, 1983-<1996>
|
| 500 |
|
|
|a Published: New York : McGraw-Hill, Health Professions Divisions, 1983-
|
| 541 |
|
|
|e 3289
|
| 590 |
|
|
|a SERBIB/SERLOC merged record
|
| 650 |
|
0 |
|a Psychology
|v Examinations, questions, etc.
|v Periodicals.
|9 13755
|
| 650 |
|
0 |
|a Social sciences
|v Examinations, questions, etc.
|v Periodicals.
|9 13756
|
| 650 |
|
7 |
|a Psychology.
|2 fast
|9 13757
|
| 650 |
|
7 |
|a Social sciences.
|2 fast
|9 13758
|
| 700 |
1 |
|
|a Pattishall, Evan G.
|q (Evan Gradick),
|d 1921-
|9 13760
|
| 830 |
|
0 |
|a Basic science series.
|9 13761
|
| 850 |
|
|
|a DLC
|
| 942 |
|
|
|2 ddc
|c BK
|
| 952 |
|
|
|0 0
|1 0
|2 ddc
|4 0
|6 150_760000000000000_BEH
|7 0
|9 55226
|a SCL
|b SCL
|c GEN
|d 2015-08-13
|e Gift: The Asia Foundation
|l 3
|o 150.76 BEH
|p 3020003289
|r 2025-12-12
|s 2025-12-09
|t 1
|w 2015-08-13
|y BK
|
| 952 |
|
|
|0 0
|1 0
|2 ddc
|4 0
|6 150_760000000000000_BEH
|7 0
|9 55532
|a SCL
|b SCL
|c GEN
|d 2015-08-26
|e Gift: The Asia Foundation
|l 1
|o 150.76 BEH
|p 3020003290
|r 2023-04-15
|s 2023-04-11
|t 2
|w 2015-08-26
|y BK
|